| 000 | 00603nam a2200181 i 4500 | ||
|---|---|---|---|
| 001 | 94588 | ||
| 003 | ES-MaACL | ||
| 005 | 20250815071737.0 | ||
| 007 | t| | ||
| 008 | 050509s1961 sp ||||1| spa d | ||
| 100 | 1 |
_aLotz, Johannes B. _974305 |
|
| 245 | 1 | 0 |
_aDe la soledad del hombre _b: a proposito de la situación espiritual de la era técnica / _cJohannes B. Lotz S.J.; traducción de Manuel Rodríguez. |
| 260 |
_aBarcelona : _bAriel, _c1961. |
||
| 300 |
_a155 p. ; _c16 cm. |
||
| 700 | 1 |
_aRodríguez, Manuel _c(editor) _998279 |
|
| 852 |
_aES-MaACL _jC-21040 _bR.49439 |
||
| 999 |
_c94588 _d94588 |
||